| 000 | 00743cam a22002531 4500 | ||
|---|---|---|---|
| 001 | sa 67002981 | ||
| 003 | DLC | ||
| 005 | 20260227112335.0 | ||
| 008 | 821020s1966 ii 000 0 eng | ||
| 010 | _asa 67002981 | ||
| 035 | _a(OCoLC)8878075 | ||
| 040 |
_aDLC _cMoU _dDLC |
||
| 041 | 1 |
_aeng _hsan |
|
| 042 | _apremarc | ||
| 050 | 0 | 0 |
_aGR305 _b.K7 |
| 100 | 2 | _aKrishnaswami Aiyar, V. | |
| 245 | 1 | 0 |
_aStories from Indian classics, _cby V. Krishnaswami Aiyar. Translated from Sanskrit by P. Sankaranarayanan. |
| 250 | _a[1st ed.] | ||
| 260 |
_aBombay, _bBharatiya Vidya Bhavan, _c1966. |
||
| 300 |
_ax, 175 p. _c18 cm. |
||
| 440 | 0 |
_aBhavan's book university, _v142 |
|
| 650 | 0 |
_aTales _zIndia. |
|
| 700 | 1 |
_aSankaranarayanan, P., _d1898- |
|
| 999 |
_c73573 _d73573 |
||